Latinčina pre logopédov /

Uložené v:
Podrobná bibliografia
Hlavný autor: Martinková, Katarína (Author)
Médium: Kniha
Jazyk:Slovak
Latin
Vydané: Bratislava : Iris, 2004
Vydanie:[1. vyd.]
Témy:
ISBN: 8089018769 (viaz.)
Fyzický popis: 124 s.
Tagy: Pridať tag
Žiadne tagy, Buďte prvý kto otaguje tento záznam!

MARC

LEADER 00000nam a2200000 a 4500
001 000012708
005 20050921084343.0
008 050627s2004 xo e bd 000 0 sloo
020 |a 8089018769 (viaz.) 
040 |a SVKKK  |b slo  |c SVKKK  |e AACR2 
041 0 |a slo  |a lat 
044 |a xo  |c SK 
072 7 |a 811.124  |x Latinčina  |2 konspekt 
072 7 |a 37.016  |x Učebné osnovy. Vyučovacie predmety. Učebnice  |2 konspekt 
080 |a 811.124  |2 1997 
080 |a 376.1-056.264  |2 1997 
080 |a 81`373.46  |2 1997 
080 |a (075.8)  |2 1997 
100 1 |a Martinková, Katarína  |4 aut 
245 1 0 |a Latinčina pre logopédov /  |c Katarína Martinková 
250 |a [1. vyd.] 
260 |a Bratislava :  |b Iris,  |c 2004 
300 |a 124 s. 
500 |a Čiast. text lat. 
504 |a Bibliografia s. 124. Lat.-slov. slovník 
650 0 7 |a latinčina  |2 SVKKKPH 
650 0 7 |a logopédia  |2 SVKKKPH 
650 0 7 |a odborná terminológia  |2 SVKKKPH 
655 7 |a učebnice vysokých škôl  |2 SVKKKPH 
919 |a 80-89018-76-9 
998 |a BK 
090 |g SCKHL  |k Sklad Pribinova 2. posch.  |a III.199836  |j 969976  |i 2720036598  |s Absenčne 
090 |g SCKHL  |k Sklad Pribinova 2. posch.  |a III.199837  |j 969977  |i 2720036599  |s Absenčne 
090 |g SCKHL  |k Sklad Pribinova 2. posch.  |a III.199838  |j 969979  |i 2720036600  |s Absenčne